[Event "Pfarrkirchen Rottal op 2nd"]
[Site "Pfarrkirchen"]
[Date "2018.03.30"]
[Round "1"]
[White "Achermann, Didier"]
[Black "Decker, Werner"]
[Result "1-0"]
[WhiteElo "1757"]
[BlackElo "2258"]
[PlyCount "77"]
[EventDate "2018.03.30"]
[EventType "swiss"]
[EventRounds "7"]
[EventCountry "GER"]
[SourceTitle "CBM 183 Extra"]
[Source "ChessBase"]
[SourceDate "2018.04.19"]
[SourceVersion "1"]
[SourceVersionDate "2018.04.19"]
[SourceQuality "1"]

1. e4 e5 2. Nf3 Nc6 3. Bb5 d6 4. 0-0 a6 5. Ba4 b5 6. Bb3 Nf6 7. Re1 Be7 8. c3 0-0 9. h3 Bb7 10. d4 Na5 11. Bc2 Nc4 12. b3 Nb6 13. Nbd2 Nh5 14. dxe5 Nf4 15. Nf1 dxe5 16. Qxd8 Raxd8 17. Nxe5 Ng6 18. Nxg6 fxg6 19. Bd2 Bc5 20. Be3 Bxe3 21. Rxe3 Rf4 22. f3 h5 23. Ree1 g5 24. Rad1 Rdf8 25. Ne3 g4 26. hxg4 hxg4 27. Nxg4 Rxg4 28. fxg4 Bc8 29. g5 Bg4 30. Rd2 Nd7 31. Rf1 Rxf1+ 32. Kxf1 Ne5 33. Rd5 Nf7 34. Kf2 Be6 35. Rc5 g6 36. Ke3 Kf8 37. Kf4 Ke8 38. Rxc7 Nd8 39. Ke5 1-0

[Event "GER-chT Betriebe 17th"]
[Site "Berlin"]
[Date "2017.11.02"]
[Round "2.4"]
[White "Achermann, Didier"]
[Black "Launert, Martin"]
[Result "1/2-1/2"]
[WhiteElo "1811"]
[BlackElo "1879"]
[PlyCount "116"]
[EventDate "2017.11.02"]
[EventType "team-swiss"]
[EventRounds "7"]
[EventCountry "GER"]
[SourceTitle "EXT 2020"]
[Source "ChessBase"]
[SourceDate "2019.10.17"]
[SourceVersion "1"]
[SourceVersionDate "2019.10.17"]
[SourceQuality "1"]
[WhiteTeam "Muenchen EPA"]
[BlackTeam "Wiesbaden R+V Versicherung"]
[WhiteTeamCountry "GER"]
[BlackTeamCountry "GER"]

1. e4 e5 2. Nf3 Nc6 3. Bb5 a6 4. Ba4 Nf6 5. 0-0 b5 6. Bb3 Be7 7. Re1 0-0 8. h3 d6 9. c3 Na5 10. Bc2 c5 11. d4 cxd4 12. cxd4 Qc7 13. Nc3 Bb7 14. d5 Rac8 15. Bd3 Nc4 16. Ne2 Nb6 17. Ng3 Nbd7 18. Be3 Qd8 19. Rc1 Rxc1 20. Qxc1 Qa5 21. Bb1 Rc8 22. Qd2 Qxd2 23. Bxd2 g6 24. Rc1 Rxc1+ 25. Bxc1 Bd8 26. Be3 Bb6 27. Bxb6 Nxb6 28. Nd2 Na4 29. b4 Bc8 30. Ne2 Nh5 31. f3 f6 32. Bc2 Nb6 33. Kf2 Kf7 34. h4 f5 35. g3 h6 36. Bb3 Nf6 37. Nc3 Ke7 38. Ke3 Bd7 39. Kf2 g5 40. hxg5 hxg5 41. exf5 Bxf5 42. Ke3 Bg6 43. Nde4 Bf7 44. Nxf6 Kxf6 45. Ne4+ Ke7 46. Nc3 Bg6 47. Ne4 Bf7 48. Nc3 Nd7 49. Ne4 Nf6 50. Nxf6 Kxf6 51. g4 Ke7 52. Ke4 Bg6+ 53. Ke3 Kd8 54. Bd1 Kc7 55. Be2 Bb1 56. a3 Kd7 57. Bd3 Ba2 58. Be4 Ke7 1/2-1/2

[Event "GER-chT Betriebe 16th"]
[Site "Dresden"]
[Date "2016.11.05"]
[Round "6.4"]
[White "Achermann, Didier"]
[Black "Rulfs, Ernst August"]
[Result "1-0"]
[WhiteElo "1843"]
[BlackElo "1598"]
[PlyCount "43"]
[EventDate "2016.11.03"]
[EventType "team-swiss"]
[EventRounds "7"]
[EventCountry "GER"]
[SourceTitle "EXT 2020"]
[Source "ChessBase"]
[SourceDate "2019.10.17"]
[SourceVersion "1"]
[SourceVersionDate "2019.10.17"]
[SourceQuality "1"]
[WhiteTeam "Hamburg Baubehoerde II"]
[BlackTeam "Hamburg Transit II"]
[WhiteTeamCountry "GER"]
[BlackTeamCountry "GER"]

1. e4 e6 2. d4 d5 3. Nc3 Bb4 4. e5 c5 5. a3 Bxc3+ 6. bxc3 c4 7. Qg4 g6 8. Bg5 f6 9. exf6 Nxf6 10. Qh4 Nbd7 11. Nf3 Qa5 12. Bd2 Ne4 13. Qh6 Ndf6 14. Ng5 Nxf2 15. Qg7 Rf8 16. Be2 Nxh1 17. Bf3 Bd7 18. Ke2 Qc7 19. Nxe6 Rf7 20. Nxc7+ Ke7 21. Qxf7+ Kxf7 22. Nxa8 1-0